| 000 | 00000nam 2200000zi 4500 |
| 001 | 9.901924 |
| 003 | CaOODSP |
| 005 | 20221107175819 |
| 006 | m o d f |
| 007 | cr mn||||||||| |
| 008 | 210722e202010 oncab ob f000 0 fre d |
| 040 | |aCaOODSP|bfre|erda|cCaOODSP |
| 043 | |an-cn-bc|apn----- |
| 045 | |ax3y2 |
| 086 | 1 |aFs70-6/2020-047F-PDF |
| 245 | 00|aÉvaluation des stocks du complexe des sébastes à œil épineux et à taches noires (Sebastes aleutianus/melanostictus) de la Colombie-Britannique en 2020. |
| 246 | 17|aÉvaluation des stocks de sébaste à œil épineux et à taches noires de 2020 |
| 264 | 1|a[Ottawa] : |bSecrétariat canadien de consultation scientifique, |coctobre 2020. |
| 264 | 4|c©2020 |
| 300 | |a1 ressource en ligne (21 pages) : |billustrations (certaines en couleur), carte en couleur. |
| 336 | |atexte|btxt|2rdacontent/fre |
| 337 | |ainformatique|bc|2rdamedia/fre |
| 338 | |aressource en ligne|bcr|2rdacarrier/fre |
| 490 | 1 |aAvis scientifique, |x1919-5117 ; |v2020/047 |
| 500 | |aPublié aussi en anglais sous le titre : Rougheye/blackspotted rockfish (Sebastes aleutianus/melanostictus) stock assessment for British Columbia in 2020. |
| 504 | |aComprend des références bibliographiques (page 20). |
| 650 | 6|aSébastes|zColombie-Britannique|zPacifique, Côte du. |
| 650 | 6|aSébastes|xPêche commerciale|zColombie-Britannique|zPacifique, Côte du. |
| 650 | 6|aRessources halieutiques|xÉvaluation|zColombie-Britannique|zPacifique, Côte du. |
| 710 | 2 |aSecrétariat canadien de consultation scientifique, |eorganisme de publication. |
| 710 | 1 |aCanada. |bMinistère des pêches et des océans. |bRégion du Pacifique, |eorganisme de publication. |
| 775 | 08|tRougheye/blackspotted rockfish (Sebastes aleutianus/melanostictus) stock assessment for British Columbia in 2020.|w(CaOODSP)9.901922 |
| 830 | #0|aAvis scientifique (Secrétariat canadien de consultation scientifique)|v2020/047.|w(CaOODSP)9.502624 |
| 856 | 40|qPDF|s1.53 Mo|uhttps://publications.gc.ca/collections/collection_2021/mpo-dfo/fs70-6/Fs70-6-2020-047-fra.pdf |